000
00307nam a22001217a 4500
008
180202b xxu||||| |||| 00| 0 eng d
041
_a
eng
080
_a
574
100
_a
9
101
_a
MJE
245
_a
Animal agriculture research to meet human needs in the 21st century
_c
Abelson,P.H
942
_2
udc
_c
BK
999
_c
41603
_d
41603